000 00255nam a2200097Ia 4500
001 807652
005 20250826171235.0
008 250824s9999 xx 000 0 und d
245 0 _aEVRENİN İLAHİ DİLİ
_cBÜLENT GARDİYANOĞLU
260 _bDESTEK YAYINLARI
999 _c807652
_d807652